| 000 | 00514nam a2200181 a 4500 | ||
|---|---|---|---|
| 001 | 000042659 | ||
| 005 | 20201002040315.0 | ||
| 008 | 140204s1983 sp 000 0 spa d | ||
| 020 | _a8475070957 | ||
| 040 |
_aDO-SdBNP _bspa _cBNPHU |
||
| 082 |
_axxxxxx _bxxxxxx |
||
| 100 | 1 |
_aBlanco-Amor, Eduardo _969943 |
|
| 245 | 1 | 4 |
_aLas Buenas Maneras : / _cEduardo Blanco-Amor. |
| 260 |
_aMadrid, : _bXerais de Galicia, _c1983. |
||
| 300 |
_a208 p. ; _c19 cm. |
||
| 490 | 1 |
_aExtramuros _v11 |
|
| 830 | 0 |
_aExtramuros _n11 _969944 |
|
| 999 |
_c42148 _d42148 |
||